Oscar Best Picture Nominees of the 1960s (no hints) - Statistics

General Stats
  • This quiz has been taken 47 times
  • The average score is 19 of 50
Answer Stats
Hint Answer % Correct
1968 In the Heat of the Night
88%
1962 West Side Story
88%
1966 The Sound of Music
81%
1967 A Man for All Seasons
75%
1963 Lawrence of Arabia
75%
1965 Mary Poppins
75%
1965 My Fair Lady
75%
1960 Ben-Hur
69%
1969 Oliver!
69%
1961 The Apartment
69%
1966 Doctor Zhivago
63%
1968 Guess Who's Coming to Dinner
63%
1968 The Graduate
63%
1969 The Lion in Winter
63%
1963 To Kill a Mockingbird
63%
1968 Bonnie and Clyde
56%
1967 Who's Afraid of Virginia Woolf?
56%
1965 Dr. Strangelove Or: How I Learned to Stop Worrying and Love the Bomb
50%
1964 Tom Jones
50%
1969 Funny Girl
44%
1962 The Hustler
44%
1964 Cleopatra
38%
1963 The Music Man
38%
1968 Doctor Dolittle
31%
1961 Elmer Gantry
31%
1966 Darling
25%
1962 Judgment at Nuremberg
25%
1964 Lilies of the Field
25%
1963 The Longest Day
25%
1961 The Sundowners
25%
1967 Alfie
19%
1960 Anatomy of a Murder
19%
1965 Becket
19%
1960 Room at the Top
19%
1966 Ship of Fools
19%
1960 The Nun's Story
19%
1967 The Russians Are Coming The Russians Are Coming
19%
1965 Zorba the Greek
19%
1962 Fanny
13%
1964 How the West Was Won
13%
1963 Mutiny on the Bounty
13%
1969 Romeo and Juliet
13%
1961 The Alamo
13%
1960 The Diary of Anne Frank
13%
1962 The Guns of Navarone
13%
1964 America America
6%
1966 A Thousand Clowns
6%
1969 Rachel, Rachel
6%
1961 Sons and Lovers
6%
1967 The Sand Pebbles
6%
No matching quizzes found
Score Distribution
Percent of People with Each Score
Percentile by Number Answered
Your Score History
You have not taken this quiz